[Event "7 Festival Internaz. Citta' di Fermo"]
[Site "?"]
[Date "2021.10.31"]
[Round "4"]
[White "Ulrich, Thomas"]
[Black "Luciani, Valerio"]
[Result "1/2-1/2"]
[WhiteElo "2145"]
[BlackElo "2180"]
[PlyCount "72"]
[EventDate "2021.07.19"]
[SourceDate "2021.02.21"]

1. d4 Nf6 2. Nf3 e6 3. g3 b6 4. Bg2 Bb7 5. O-O Be7 6. c4 O-O 7. Re1 d6 8. d5 e5
9. Nc3 Nbd7 10. Qc2 Ne8 11. e4 g6 12. Bh6 Ng7 13. Nd1 Nf6 14. Ne3 Bc8 15. h3
Kh8 16. b4 Nd7 17. Nd2 a5 18. a3 Bg5 19. Bxg5 Qxg5 20. h4 Qe7 21. Bh3 f5 22.
exf5 Nf6 23. c5 bxc5 24. bxc5 gxf5 25. cxd6 cxd6 26. Nxf5 Nxf5 27. Bxf5 Bxf5
28. Qxf5 Nxd5 29. Qd3 Nf6 30. Ne4 d5 31. Nxf6 Qxf6 32. Qxd5 Qxf2+ 33. Kh1 Qxg3
34. Qxe5+ Qxe5 35. Rxe5 Rf4 36. Rh5 Rb8 1/2-1/2